Géographie européenne par lettre - R - Statistiques

Statistiques générales
  • Ce quiz a été pris 1 164 fois
  • Le résultat moyen est 14 sur 20
Statistiques - réponses
indice répondre % Correct
Intersection où les voitures circulent en cercle rond-point
94%
Pays en Europe de l'Est Roumanie
94%
Capitale de la Lettonie Riga
92%
Monnaie de la russie rouble
92%
Capitale de l'Islande Reykjavik
90%
Fleuve frontalier de cinq pays Rhin
90%
Le plus grand port d'Europe Rotterdam
86%
Où Jeanne d'Arc a été exécutée Rouen
85%
Fleuve suisso-française traversant le Léman Rhône
83%
« Seul Paris est digne de ____, seule ____ est digne de Paris » Rome
82%
Île grecque qui était la maison du colosse Rhodes
77%
Ses républiques comprend la Carélie et de Tchétchénie Russie
74%
Le centre de Champagne, avec Épernay Reims
72%
Ville anglaise où un sport du même nom a été crée Rugby
72%
La plus grande aire urbaine d'Allemagne région de la {Ruhr}
61%
L'une de langues officielles de Suisse romanche
54%
La plus grande ville sur le Don en Russie {Rostov}-sur-le-Don
32%
Paris au sud de la Seine Rive gauche
27%
Périphérique entourant Vienne {Ring}straße
14%
Lieu du festival de musique le plus célèbre du Danemark Roskilde
4%
Aucun quiz correspondant
Distribution des résultats
% des personnes avec chaque résultat
Percentile par nombre de réponses
Votre historique - résultats
Vous n’avez pas pris ce quiz